[Event "Aeroflot Open A"]
[Site "Moscow RUS"]
[Date "2011.02.09"]
[Round "2"]
[White "Mareco, Sandro"]
[Black "Alsina Leal, Daniel"]
[Result "0-1"]
[WhiteTitle "GM"]
[BlackTitle "GM"]
[WhiteElo "2627"]
[BlackElo "2531"]
[WhiteFideId "112275"]
[BlackFideId "2252627"]
[EventDate "2011.02.08"]

1. d4 d5 2. c4 c6 3. Nf3 Nf6 4. Nc3 e6 5. e3 Nbd7 6. Qc2 Bd6 7. Bd3 O-O 8. O-O
dxc4 9. Bxc4 b5 10. Bd3 Bb7 11. a3 Qe7 12. e4 e5 13. Ne2 c5 14. Ng3 g6 15. dxe5
Nxe5 16. Bxb5 c4 17. Nxe5 Bxe5 18. Bxc4 Nxe4 19. Re1 Nxg3 20. hxg3 Qf6 21. Bh6
Rfe8 22. Qb3 Re7 23. Be3 Bxb2 24. Rab1 Bc3 25. Red1 Ba5 26. Qxb7 Rxb7 27. Rxb7
Rd8 28. Bxf7+ Kh8 29. Bd5 Bc3 30. Rxa7 Qf5 31. Ra8 Rxa8 32. Bxa8 Qa5 33. Bf3
Qxa3 34. Bh6 Qe7 35. Bc6 g5 36. Rb1 Qd6 37. Bxg5 Qxc6 38. Rc1 Qe4 39. Be3 Qd3
40. g4 Kg7 41. Kh2 Be5+ 42. Kg1 Qe4 43. g5 Kg6 44. Kf1 Kf5 45. Re1 Qc4+ 0-1

[Event "Aeroflot Open A"]
[Site "Moscow RUS"]
[Date "2011.02.09"]
[Round "2"]
[White "Bukavshin, Ivan"]
[Black "Predojevic, Borki"]
[Result "1-0"]
[WhiteTitle "FM"]
[BlackTitle "GM"]
[WhiteElo "2458"]
[BlackElo "2626"]
[WhiteFideId "4199758"]
[BlackFideId "930849"]
[EventDate "2011.02.08"]

1. d4 Nf6 2. c4 e6 3. Nc3 Bb4 4. Qc2 O-O 5. a3 Bxc3+ 6. Qxc3 d5 7. Nf3 dxc4 8.
Qxc4 b6 9. Bg5 Bb7 10. Rd1 Nbd7 11. e3 Qc8 12. Be2 c5 13. O-O Bd5 14. Qa4 Bc6
15. Qc2 Qb7 16. Bxf6 Nxf6 17. dxc5 Be4 18. Qb3 bxc5 19. Qxb7 Bxb7 20. Rc1 Rfc8
21. Ne5 Rab8 22. f3 Kf8 23. Rc2 Ke7 24. e4 Nd7 25. Nxd7 Kxd7 26. Rfc1 Bc6 27.
Rd2+ Ke7 28. Rxc5 Be8 29. Ra5 Rc7 30. Kf2 f6 31. b4 e5 32. Rdd5 Bf7 33. Rdc5
Rbc8 34. Rxa7 Rxa7 35. Rxc8 Rxa3 36. Rc7+ Kf8 37. b5 Rb3 38. Rxf7+ 1-0

[Event "Aeroflot Open A"]
[Site "Moscow RUS"]
[Date "2011.02.09"]
[Round "2"]
[White "Rodshtein, Maxim"]
[Black "Paikidze, Nazi"]
[Result "1-0"]
[WhiteTitle "GM"]
[BlackTitle "WGM"]
[WhiteElo "2625"]
[BlackElo "2455"]
[WhiteFideId "2806851"]
[BlackFideId "13603620"]
[EventDate "2011.02.08"]

1. d4 d5 2. c4 c6 3. Nf3 Nf6 4. Nc3 e6 5. e3 Nbd7 6. Qc2 Bd6 7. Bd3 O-O 8. O-O
dxc4 9. Bxc4 a6 10. Rd1 b5 11. Bd3 Qc7 12. Bd2 c5 13. Ne4 c4 14. Nxd6 Qxd6 15.
Be2 Bb7 16. b3 Bd5 17. Qb2 Ne4 18. Ba5 Rac8 19. Ne1 c3 20. Qc1 c2 21. Rd3 Nxf2
22. Kxf2 Qxh2 23. Nf3 Qd6 24. Kg1 e5 25. dxe5 Nxe5 26. Nxe5 Qxe5 27. Rd4 Rfe8
28. Qd2 Be4 29. Rc1 Qg5 30. Bf1 Rc6 31. Qf2 f5 32. Qf4 Qh5 33. Rd7 Rg6 34. Bc3
Rg4 35. Qh2 Qxh2+ 36. Kxh2 Re6 37. Rd2 Rh6+ 38. Kg1 Rhg6 39. Be5 h5 40. Rcxc2
Bxc2 41. Rxc2 Re6 42. Bd4 f4 43. Be2 Rh4 44. e4 Rxe4 45. Bf2 1-0

[Event "Aeroflot Open A"]
[Site "Moscow RUS"]
[Date "2011.02.09"]
[Round "2"]
[White "Huschenbeth, Niclas"]
[Black "Vuckovic, Bojan"]
[Result "1/2-1/2"]
[WhiteTitle "IM"]
[BlackTitle "GM"]
[WhiteElo "2450"]
[BlackElo "2623"]
[WhiteFideId "24604747"]
[BlackFideId "922277"]
[EventDate "2011.02.08"]

1. e4 c5 2. Nf3 d6 3. d4 cxd4 4. Nxd4 Nf6 5. Nc3 a6 6. Bg5 e6 7. f4 Qc7 8. Bxf6
gxf6 9. Qf3 b5 10. a3 Nd7 11. Be2 h5 12. O-O-O Bb7 13. Qh3 O-O-O 14. f5 e5 15.
Ne6 fxe6 16. fxe6 Kb8 17. exd7 Qxd7 18. Qxd7 Rxd7 19. Rhf1 Rg7 20. Rf2 f5 21.
exf5 Rxg2 22. Rxg2 Bxg2 23. a4 bxa4 24. f6 h4 25. Bxa6 h3 26. Bc4 Rh4 27. b3
axb3 28. cxb3 Rf4 29. f7 Rf2 30. Rd3 Bf3 31. Bd5 Bxd5 32. Nxd5 Rxh2 33. Rg3 Rf2
34. Rxh3 Rxf7 35. Kc2 Kb7 36. Kd3 Be7 37. Nxe7 Rxe7 38. Ke4 Kc6 39. Rc3+ Kd7 40.
Kd5 Rh7 41. Rg3 Ke7 42. Rg6 Rh3 43. Re6+ Kf7 44. Rxd6 Rxb3 45. Kxe5 1/2-1/2

[Event "Aeroflot Open A"]
[Site "Moscow RUS"]
[Date "2011.02.09"]
[Round "2"]
[White "Maletin, Pavel"]
[Black "Dubov, Daniil"]
[Result "0-1"]
[WhiteTitle "GM"]
[BlackTitle "IM"]
[WhiteElo "2621"]
[BlackElo "2459"]
[WhiteFideId "4146786"]
[BlackFideId "24126055"]
[EventDate "2011.02.08"]

1. d4 d5 2. c4 c6 3. Nf3 Nf6 4. Nc3 e6 5. Bg5 h6 6. Bh4 dxc4 7. e4 g5 8. Bg3 b5
9. Be2 Bg7 10. e5 Nh5 11. a4 a6 12. Ne4 O-O 13. Qc2 c5 14. Nfxg5 hxg5 15. Bxh5
Nc6 16. Nd6 Nxd4 17. Qe4 Qa5+ 18. Kf1 Rb8 19. Kg1 c3 20. h4 cxb2 21. Rb1 Nf5 22.
hxg5 Qxa4 23. g6 Nxd6 24. gxf7+ Nxf7 25. Qg6 Nh8 26. Qd3 Qc4 0-1

[Event "Aeroflot Open A"]
[Site "Moscow RUS"]
[Date "2011.02.09"]
[Round "2"]
[White "El Debs, Felipe de Cresce"]
[Black "Ragger, Markus"]
[Result "1/2-1/2"]
[WhiteTitle "GM"]
[BlackTitle "GM"]
[WhiteElo "2499"]
[BlackElo "2615"]
[WhiteFideId "2106981"]
[BlackFideId "1610856"]
[EventDate "2011.02.08"]

1. Nf3 d5 2. d4 Nf6 3. c4 e6 4. g3 dxc4 5. Qa4+ Nbd7 6. Bg2 a6 7. Qxc4 b5 8. Qc6
Rb8 9. Bf4 Nd5 10. Bg5 Be7 11. Bxe7 Qxe7 12. Nc3 Qb4 13. O-O Nxc3 14. Qxc3 Qxc3
15. bxc3 Bb7 16. a4 Ke7 17. axb5 axb5 18. Ra7 Rhc8 19. Rb1 Be4 20. Rb2 Ra8 21.
Rxa8 Rxa8 22. Rxb5 Ra3 23. Ne5 Bxg2 24. Kxg2 Nxe5 25. Rxe5 1/2-1/2

[Event "Aeroflot Open A"]
[Site "Moscow RUS"]
[Date "2011.02.09"]
[Round "2"]
[White "Vitiugov, Nikita"]
[Black "Novikov, Stanislav"]
[Result "1-0"]
[WhiteTitle "GM"]
[BlackTitle "GM"]
[WhiteElo "2709"]
[BlackElo "2568"]
[WhiteFideId "4152956"]
[BlackFideId "4125371"]
[EventDate "2011.02.08"]

1. d4 g6 2. c4 d6 3. e4 e5 4. Ne2 Bh6 5. Bxh6 Nxh6 6. Qd2 Ng4 7. f3 Nf6 8. Nbc3
c5 9. d5 h5 10. h4 Kf8 11. g3 Kg7 12. Nc1 Bd7 13. a3 a5 14. Nd3 Na6 15. O-O-O
Qe7 16. Re1 Nc7 17. f4 b5 18. Nxe5 b4 19. Nxd7 bxc3 20. Qxc3 Qxd7 21. e5 dxe5
22. fxe5 Nfxd5 23. cxd5 Qxd5 24. e6+ Qd4 25. exf7 Nd5 26. Qxd4+ cxd4 27. Rd1
Rac8+ 28. Kb1 Ne3 29. Rxd4 Nf5 30. Rd3 Kxf7 31. Bh3 Rc5 32. Rc1 Rhc8 33. Rxc5
Rxc5 34. Ka2 Kf6 35. b4 axb4 36. axb4 Re5 37. Bxf5 Kxf5 38. Ka3 Ke4 39. Rb3 1-0

[Event "Aeroflot Open A"]
[Site "Moscow RUS"]
[Date "2011.02.09"]
[Round "2"]
[White "Savchenko, Boris"]
[Black "Papin, Vasily"]
[Result "1/2-1/2"]
[WhiteTitle "GM"]
[BlackTitle "IM"]
[WhiteElo "2637"]
[BlackElo "2568"]
[WhiteFideId "4147332"]
[BlackFideId "4143183"]
[EventDate "2011.02.08"]

1. e4 c5 2. Nf3 e6 3. d4 cxd4 4. Nxd4 Nc6 5. Nc3 Qc7 6. Be2 Nf6 7. O-O Be7 8.
Kh1 O-O 9. f4 d6 10. Be3 a6 11. Qe1 Nxd4 12. Bxd4 b5 13. e5 dxe5 14. Bxe5 Qa7
15. Qg3 Bb7 16. Bd3 Nh5 17. Qh3 g6 18. Rae1 Rad8 19. f5 exf5 20. Bxf5 Bd6 21.
Bxd6 Rxd6 22. Bd3 Qd4 23. Be4 Bxe4 24. Nxe4 Re6 25. c3 Qd5 26. Qf3 Kg7 27. Re3
Qe5 28. Rfe1 Rfe8 29. g4 Qf4 30. Kg2 Qxf3+ 31. Kxf3 Nf6 32. Nc5 Rxe3+ 33. Rxe3
Rxe3+ 34. Kxe3 Nxg4+ 35. Kf4 Nxh2 36. Nxa6 f5 37. Nc7 Kf6 38. Nxb5 g5+ 39. Kg3
Nf1+ 40. Kf2 Nd2 41. a4 Nb3 42. Nd4 Nc5 43. a5 Nd3+ 44. Kg3 Nxb2 45. a6 Nc4 46.
a7 Nb6 47. c4 Ke5 48. Nf3+ Kd6 49. Nxg5 1/2-1/2

[Event "Aeroflot Open A"]
[Site "Moscow RUS"]
[Date "2011.02.09"]
[Round "2"]
[White "Edouard, Romain"]
[Black "Zhigalko, Andrey"]
[Result "0-1"]
[WhiteTitle "GM"]
[BlackTitle "GM"]
[WhiteElo "2634"]
[BlackElo "2566"]
[WhiteFideId "633429"]
[BlackFideId "13502247"]
[EventDate "2011.02.08"]

1. e4 c6 2. d4 d5 3. e5 Bf5 4. Be3 e6 5. Nd2 Nd7 6. Ngf3 Bg6 7. Be2 Nh6 8. O-O
Be7 9. Bxh6 gxh6 10. Nb3 O-O 11. Qd2 Kg7 12. c3 f6 13. Qe3 Qc7 14. c4 Rae8 15.
Rae1 Bb4 16. Rc1 a5 17. a3 Be7 18. Rce1 a4 19. Nc1 fxe5 20. Nxe5 Nxe5 21. dxe5
Qa5 22. Bd3 Bc5 23. Qe2 dxc4 24. Bxg6 hxg6 25. Rd1 b5 26. Na2 Rd8 27. Nc3 Rxd1
28. Qxd1 Qd8 29. Ne4 Bd4 30. Qg4 Qd5 31. Nf6 Qxe5 32. Nd7 Rxf2 33. Qxg6+ Kxg6
34. Nxe5+ Kf5 35. Nxc6 Rxf1+ 36. Kxf1 Bxb2 0-1

[Event "Aeroflot Open A"]
[Site "Moscow RUS"]
[Date "2011.02.09"]
[Round "2"]
[White "Oleksienko, Mikhailo"]
[Black "Iturrizaga, Eduardo"]
[Result "1/2-1/2"]
[WhiteTitle "GM"]
[BlackTitle "GM"]
[WhiteElo "2552"]
[BlackElo "2611"]
[WhiteFideId "4152417"]
[BlackFideId "3901211"]
[EventDate "2011.02.08"]

1. e4 c5 2. Nf3 Nc6 3. d4 cxd4 4. Nxd4 Nf6 5. Nc3 d6 6. f3 e5 7. Nb3 Be7 8. Be3
O-O 9. Qd2 a5 10. Bb5 Na7 11. Bd3 Nc6 12. Bb5 Na7 13. Bd3 Nc6 14. a3 a4 15. Nc1
Be6 16. N1e2 d5 17. exd5 Nxd5 18. Nxd5 Qxd5 19. Nc3 Qa5 20. Qf2 Nd4 21. O-O Rfd8
22. Kh1 Qb6 23. Rab1 f5 24. f4 e4 25. Bb5 Bc5 26. Bxa4 Bc4 27. b4 Bxf1 28. Rxf1
Be7 29. Bb3+ Kh8 30. Nd5 Qe6 31. Nc7 Qd6 32. Nxa8 Nxb3 33. Nb6 Nd4 34. Nc4 Qd5
35. Rd1 Qxc4 36. Rxd4 Rxd4 37. Bxd4 Bh4 38. g3 Bf6 39. Bxf6 gxf6 40. Kg1 Qc3 41.
Qc5 Qe1+ 1/2-1/2

[Event "Aeroflot Open A"]
[Site "Moscow RUS"]
[Date "2011.02.09"]
[Round "2"]
[White "Pogonina, Natalija"]
[Black "Bluvshtein, Mark"]
[Result "0-1"]
[WhiteTitle "WGM"]
[BlackTitle "GM"]
[WhiteElo "2472"]
[BlackElo "2590"]
[WhiteFideId "4147855"]
[BlackFideId "2603608"]
[EventDate "2011.02.08"]

1. e4 d6 2. d4 Nf6 3. Nc3 g6 4. Be3 a6 5. a4 Bg7 6. h3 O-O 7. Nf3 b6 8. Bd3 Bb7
9. O-O Nbd7 10. Qd2 e5 11. Bh6 exd4 12. Nxd4 Nc5 13. Rfe1 Re8 14. Bxg7 Kxg7 15.
Qf4 Nh5 16. Qg4 Qf6 17. Nf3 Nf4 18. Re3 Nfxd3 19. cxd3 Ne6 20. Rae1 c5 21. R3e2
Bc6 22. Nd5 Bxd5 23. exd5 h5 24. Qc4 Nc7 25. Rxe8 Rxe8 26. Rxe8 Nxe8 27. Qb3 Qf4
28. Qc4 Qf6 29. Qb3 Qf4 30. Qxb6 Qxa4 31. d4 c4 32. Kh2 Qb5 33. Qd8 Kf8 34. Qc8
a5 35. Nd2 Qxb2 36. Nxc4 Qxf2 37. Nxa5 Qxd4 38. Qa8 Qe5+ 39. Kh1 Qe4 40. Nc6
Qxd5 41. Qc8 Qe6 42. Qd8 Kg7 43. Qh4 d5 44. Qd4+ Nf6 45. Ne5 Qf5 46. Nf3 Kh7 47.
Ne5 Nd7 48. Nf3 Kg8 49. Kg1 Qe4 50. Qb2 Nf8 51. Qb8 g5 52. Qg3 Qe3+ 53. Kh1 Ne6
54. Qd6 d4 55. Ne5 Qc1+ 56. Kh2 Qf4+ 57. Kg1 g4 58. hxg4 hxg4 59. Qb8+ Kg7 60.
Qb5 g3 61. Nd3 Qe4 62. Kf1 Nc5 0-1

[Event "Aeroflot Open A"]
[Site "Moscow RUS"]
[Date "2011.02.09"]
[Round "2"]
[White "Felgaer, Ruben"]
[Black "Nechepurenko, Roman V."]
[Result "1-0"]
[WhiteTitle "GM"]
[BlackTitle "FM"]
[WhiteElo "2585"]
[BlackElo "2546"]
[WhiteFideId "107069"]
[BlackFideId "4151119"]
[EventDate "2011.02.08"]

1. e4 c5 2. Nf3 d6 3. d4 cxd4 4. Nxd4 Nf6 5. Nc3 a6 6. g3 e5 7. Nb3 Be7 8. a4
Bg4 9. Be2 h5 10. Bg5 Nbd7 11. O-O Rc8 12. Re1 Be6 13. Bf3 g6 14. h4 Kf8 15. Nd2
Qb6 16. Rb1 Qc6 17. Nf1 Nb6 18. a5 Nbd7 19. Ne3 Qc5 20. Ra1 Bd8 21. Na4 Qxa5 22.
Qxd6+ Be7 23. Qd1 Qb4 24. Nd5 Bxd5 25. exd5 b5 26. Nc3 Qxb2 27. d6 Bd8 28. Nd5
Nxd5 29. Bxd8 Rxd8 30. Bxd5 Nc5 31. Bxf7 Kxf7 32. Qd5+ Ne6 33. Qb7+ Kg8 34. Qe7
Qxc2 35. Qxe6+ Kh7 36. Qe7+ Kh6 37. Qg5+ Kh7 38. Rac1 1-0

[Event "Aeroflot Open A"]
[Site "Moscow RUS"]
[Date "2011.02.09"]
[Round "2"]
[White "Deviatkin, Andrei"]
[Black "Kosteniuk, Alexandra"]
[Result "1/2-1/2"]
[WhiteTitle "GM"]
[BlackTitle "GM"]
[WhiteElo "2573"]
[BlackElo "2498"]
[WhiteFideId "4121260"]
[BlackFideId "4128125"]
[EventDate "2011.02.08"]

1. c4 e5 2. g3 Nf6 3. Bg2 d5 4. cxd5 Nxd5 5. Nf3 Nc6 6. O-O Be7 7. d4 exd4 8.
Nxd4 Nxd4 9. Qxd4 Nf6 10. Qa4+ Qd7 11. Qxd7+ Nxd7 12. Bf4 c6 13. Nd2 g5 14. Be3
O-O 15. Rfd1 Nb6 16. Ne4 h6 17. Rac1 Be6 18. Nc5 Bxc5 19. Bxc5 Rfe8 20. b3 Bd5
21. Bf1 Nd7 22. Be3 a5 23. Rd4 Nf8 24. Bg2 Ne6 25. Rd2 Nc7 26. Bxd5 Nxd5 27. Bc5
a4 28. b4 Nc7 29. Rd7 Nd5 30. e3 b6 31. Bd6 Rac8 32. a3 Kg7 33. g4 Re6 34. Bg3
Nf6 35. Rb7 c5 36. Ra7 c4 37. Rxa4 Ne4 38. b5 c3 39. Rc2 Rc5 40. Rb4 Rd5 41. Kf1
h5 42. gxh5 f5 43. Kg2 Kh6 44. h4 g4 45. a4 Rd2 46. Rc1 Kxh5 47. Rc4 Rd5 48. Rc2
Rd1 49. Rc6 Rg6 50. Be5 g3 51. Bxg3 Rxg3+ 52. fxg3 Rd2+ 53. Kf3 Rxc2 54. g4+
Kxh4 55. gxf5 Nc5 56. a5 Rb2 57. axb6 Rxb5 58. b7 Nxb7 59. Kf4 Kh5 60. Rxc3 Nc5
61. e4 Kh6 62. Rg3 Rb4 63. Ke5 Rxe4+ 64. Kd5 Rf4 65. Kxc5 Rxf5+ 1/2-1/2

[Event "Aeroflot Open A"]
[Site "Moscow RUS"]
[Date "2011.02.09"]
[Round "2"]
[White "Vocaturo, Daniele"]
[Black "Khader, Sami"]
[Result "1/2-1/2"]
[WhiteTitle "GM"]
[BlackTitle "IM"]
[WhiteElo "2570"]
[BlackElo "2450"]
[WhiteFideId "813192"]
[BlackFideId "8100500"]
[EventDate "2011.02.08"]

1. e4 e6 2. d4 d5 3. Nc3 Bb4 4. e5 c5 5. a3 Bxc3+ 6. bxc3 Nc6 7. h4 Qa5 8. Bd2
Qa4 9. Nf3 c4 10. h5 h6 11. Rh4 Nge7 12. Rf4 Bd7 13. Qb1 Rf8 14. g3 O-O-O 15.
Bh3 Kb8 16. Qb2 Ka8 17. Kf1 Nc8 18. Kg2 Nb6 19. Re1 Qa6 20. Re3 Na4 21. Qc1 Qb6
22. Nh4 Rde8 23. Ref3 Nd8 24. Ng6 Rg8 25. Rxf7 Nxf7 26. Rxf7 Rd8 27. Qd1 Be8 28.
Re7 Bxg6 29. hxg6 Rde8 30. Rxe8+ Rxe8 31. Qf3 Qd8 32. Bxh6 gxh6 33. g7 Nxc3 34.
Qf7 a5 35. Bxe6 Ka7 36. g8=Q Rxg8 37. Qxg8 Qb6 38. Qg4 h5 39. Qf3 Qxd4 40. Qxh5
Ne4 41. Qf5 c3 42. Qf4 Qd1 43. Qe3+ Ka6 44. Bd7 Qxc2 45. e6 Nf6 46. Qc5 Qe4+ 47.
Kf1 Qd3+ 48. Kg2 Qe4+ 49. Kf1 Qd3+ 50. Kg2 1/2-1/2

[Event "Aeroflot Open A"]
[Site "Moscow RUS"]
[Date "2011.02.10"]
[Round "3"]
[White "Lenic, Luka"]
[Black "Le, Quang Liem"]
[Result "0-1"]
[WhiteTitle "GM"]
[BlackTitle "GM"]
[WhiteElo "2613"]
[BlackElo "2664"]
[WhiteFideId "14603853"]
[BlackFideId "12401137"]
[EventDate "2011.02.08"]

1. Nf3 g6 2. c4 Bg7 3. e4 c5 4. d4 cxd4 5. Nxd4 Nc6 6. Be3 Nf6 7. Nc3 O-O 8. Be2
d6 9. O-O Bd7 10. Rc1 Nxd4 11. Bxd4 Bc6 12. f3 Nd7 13. Be3 a5 14. b3 Nc5 15. Qd2
Qb6 16. Nb5 Rfc8 17. Kh1 Qd8 18. Nd4 Bd7 19. Rfd1 h5 20. Bf1 Kh7 21. Ne2 Bc6 22.
Nf4 Bh6 23. Qf2 Qh8 24. Rc2 Qf6 25. Nd5 Bxd5 26. Rxd5 Bxe3 27. Qxe3 Qa1 28. Kg1
Nd7 29. Qg5 Nf6 30. Rxa5 Qd4+ 31. Rf2 Rc5 32. Qxc5 dxc5 33. Rxa8 h4 34. b4 cxb4
35. Ra5 Nh5 36. Rd5 Qe3 37. Rd3 Qa7 38. Rd5 Ng3 39. c5 e6 40. Rd7 Qxc5 41. Rxf7+
Kh6 42. Rxb7 Nh1 0-1

[Event "Aeroflot Open A"]
[Site "Moscow RUS"]
[Date "2011.02.10"]
[Round "3"]
[White "Sandipan, Chanda"]
[Black "Kamsky, Gata"]
[Result "0-1"]
[WhiteTitle "GM"]
[BlackTitle "GM"]
[WhiteElo "2641"]
[BlackElo "2730"]
[WhiteFideId "5004225"]
[BlackFideId "2000024"]
[EventDate "2011.02.08"]

1. d4 d5 2. c4 c6 3. Nf3 Nf6 4. Nc3 a6 5. a4 g6 6. Bf4 Bg7 7. e3 O-O 8. Be2 a5
9. Qb3 dxc4 10. Bxc4 Nh5 11. Be5 Nd7 12. Ng5 e6 13. Bxg7 Kxg7 14. h4 Qe7 15.
O-O-O Qb4 16. Qa2 Nb6 17. Be2 Nf6 18. e4 h6 19. e5 Nfd5 20. Nge4 c5 21. Nxc5
Nxc3 22. bxc3 Qxc3+ 23. Kb1 Qb4+ 24. Ka1 Nd5 25. Rd3 b6 26. Rb1 bxc5 27. Rxb4
Nxb4 28. Qd2 Ba6 29. Rg3 Bxe2 30. Qxe2 cxd4 31. h5 Rac8 32. hxg6 fxg6 33. Qg4 g5
34. Qxe6 Rc6 35. Qe7+ Rf7 36. Rxg5+ hxg5 37. Qxg5+ Rg6 38. Qd8 d3 39. e6 Rxe6
40. Qg5+ Kf8 41. Qxa5 Nc6 42. Qc5+ Ke8 43. Qd5 Re1+ 44. Kb2 Rb7+ 45. Kc3 Rc1+
46. Kd2 Rc2+ 47. Ke3 Re7+ 48. Kf4 Rd7 49. Qg8+ Ke7 0-1

[Event "Aeroflot Open A"]
[Site "Moscow RUS"]
[Date "2011.02.10"]
[Round "3"]
[White "Movsesian, Sergei"]
[Black "Khismatullin, Denis"]
[Result "1/2-1/2"]
[WhiteTitle "GM"]
[BlackTitle "GM"]
[WhiteElo "2721"]
[BlackElo "2649"]
[WhiteFideId "310204"]
[BlackFideId "4142578"]
[EventDate "2011.02.08"]

1. e4 c5 2. Nf3 d6 3. d4 cxd4 4. Nxd4 Nf6 5. Nc3 a6 6. h3 e5 7. Nde2 h5 8. Bg5
Be7 9. g3 b5 10. Bxf6 Bxf6 11. Nd5 h4 12. a4 bxa4 13. Rxa4 Nd7 14. Nec3 Bg5 15.
b4 O-O 16. gxh4 Bxh4 17. Qh5 g6 18. Rg1 Kg7 19. Nd1 Rh8 20. Qf3 Nb6 1/2-1/2

[Event "Aeroflot Open A"]
[Site "Moscow RUS"]
[Date "2011.02.10"]
[Round "3"]
[White "Sjugirov, Sanan"]
[Black "Jakovenko, Dmitry"]
[Result "0-1"]
[WhiteTitle "GM"]
[BlackTitle "GM"]
[WhiteElo "2626"]
[BlackElo "2718"]
[WhiteFideId "4189302"]
[BlackFideId "4122356"]
[EventDate "2011.02.08"]

1. d4 d5 2. c4 c6 3. Nf3 Nf6 4. Nc3 e6 5. e3 Nbd7 6. Qc2 Bd6 7. Bd3 O-O 8. O-O
dxc4 9. Bxc4 b5 10. Bd3 Bb7 11. a3 a6 12. b4 a5 13. Rb1 axb4 14. axb4 Qe7 15. e4
e5 16. Ne2 Bxb4 17. Ng3 g6 18. Bg5 Bd6 19. Kh1 exd4 20. e5 Bxe5 21. Ne4 c5 22.
Nxe5 Qxe5 23. Nxf6+ Nxf6 24. Bxf6 Qxf6 25. Qxc5 Rfc8 26. Qb4 Bc6 27. f3 Rab8 28.
Rfd1 Bd5 29. Kg1 Bc4 30. Qb2 Bxd3 31. Rxd3 Rc3 32. Rbd1 Rxd3 33. Rxd3 b4 34.
Rxd4 b3 35. Rd2 Qxb2 36. Rxb2 Kg7 37. Kf2 Kf6 38. Ke3 Ke5 39. g3 f5 40. Kd3 Kd5
41. Kc3 Kc5 42. g4 f4 43. h4 h5 44. gxh5 gxh5 45. Rb1 b2 46. Kd3 Rb3+ 47. Ke4
Kc4 48. Kxf4 Rb5 49. Ke4 Kc3 50. f4 Kc2 51. Rg1 b1=Q 52. Rxb1 Kxb1 0-1

[Event "Aeroflot Open A"]
[Site "Moscow RUS"]
[Date "2011.02.10"]
[Round "3"]
[White "Petrosian, Tigran L."]
[Black "Tomashevsky, Evgeny"]
[Result "0-1"]
[WhiteTitle "GM"]
[BlackTitle "GM"]
[WhiteElo "2604"]
[BlackElo "2695"]
[WhiteFideId "13301616"]
[BlackFideId "4147235"]
[EventDate "2011.02.08"]

1. d4 Nf6 2. Nf3 e6 3. c4 Bb4+ 4. Nc3 b6 5. Bg5 Bb7 6. Nd2 Qe7 7. Qc2 h6 8. Bh4
c5 9. a3 Bxc3 10. Qxc3 cxd4 11. Qxd4 Nc6 12. Qc3 d6 13. e3 Ne5 14. f3 Rc8 15.
Bg3 O-O 16. Be2 Ng6 17. Qb4 Rfd8 18. O-O d5 19. Rfc1 Ba6 20. Bf1 Qd7 21. cxd5
Nxd5 22. Qd4 Bxf1 23. Nxf1 Qb5 24. Qd2 f5 25. Rxc8 Rxc8 26. h4 Kh7 27. Re1 Nf6
28. Rc1 Rxc1 29. Qxc1 e5 30. Qc2 e4 31. a4 Qd5 32. Nd2 Ne5 33. Bxe5 Qxe5 34. Nc4
Qc7 35. b3 a6 36. Qf2 b5 37. axb5 axb5 38. Nd2 exf3 39. Qxf3 Qc2 40. Nf1 Qb1 41.
h5 b4 42. e4 fxe4 43. Qf5+ Kh8 44. Qc8+ Ng8 45. Qe6 Qe1 46. Qh3 Qc3 47. Kf2 Qc2+
48. Kg1 Nf6 49. Kh2 e3 50. Qe6 e2 51. Ng3 Qxb3 52. Qxb3 e1=Q 53. Qc4 Qb1 54. Ne2
Qe4 55. Nd4 Ng4+ 56. Kg3 Qxg2+ 57. Kxg2 Ne3+ 58. Kf3 Nxc4 59. Ke4 Kg8 60. Nb3
Kf7 61. Kd4 Nd6 62. Kc5 Nf5 63. Kxb4 Kf6 64. Kc4 Kg5 65. Kd3 Kxh5 66. Ke2 Kg4
67. Kf2 g5 68. Nc5 Nd6 69. Kg2 h5 70. Nd7 Kf5 71. Kh3 Nc4 72. Nc5 Ne5 73. Kg3
Ng6 74. Nb7 h4+ 75. Kf3 g4+ 76. Ke3 g3 0-1

[Event "Aeroflot Open A"]
[Site "Moscow RUS"]
[Date "2011.02.10"]
[Round "3"]
[White "Shomoev, Anton"]
[Black "Andreikin, Dmitry"]
[Result "1-0"]
[WhiteTitle "GM"]
[BlackTitle "GM"]
[WhiteElo "2557"]
[BlackElo "2689"]
[WhiteFideId "4135148"]
[BlackFideId "4158814"]
[EventDate "2011.02.08"]

1. d4 Nf6 2. c4 e6 3. Nc3 Bb4 4. Qc2 O-O 5. a3 Bxc3+ 6. Qxc3 d5 7. Nf3 dxc4 8.
Qxc4 b6 9. Bg5 Ba6 10. Qa4 c5 11. dxc5 bxc5 12. Rc1 Qb6 13. Bxf6 gxf6 14. Rc2
Rd8 15. e3 Bxf1 16. Rxf1 Nd7 17. Ke2 f5 18. g4 fxg4 19. Qxg4+ Kf8 20. Rd1 Qb5+
21. Qc4 Qxc4+ 22. Rxc4 Rab8 23. Rd2 Ke8 24. Rdc2 Rb6 25. Nd2 Rdb8 26. b3 e5 27.
Rh4 h6 28. Rcc4 Ra6 29. Ra4 Rbb6 30. Rxa6 Rxa6 31. Nc4 Ke7 32. Rh5 Re6 33. f3
Kf8 34. Kd3 Kg7 35. f4 Kg6 36. Rh3 exf4 37. exf4 Re1 38. Rg3+ Kf6 39. Rh3 Kg6
40. Rg3+ Kf6 41. Ne3 Nb6 42. Rh3 Kg6 43. Ng4 Ra1 44. Rxh6+ Kf5 45. Ne3+ Kxf4 46.
Rh5 c4+ 47. Kd4 Kf3 48. Rf5+ Ke2 49. Nxc4 Rd1+ 50. Kc5 Nd7+ 51. Kc6 f6 52. h4
Rd3 53. Kc7 a5 54. a4 Rxb3 55. Kxd7 Rb4 56. Rf4 Rxa4 57. Ke6 Rb4 58. h5 a4 59.
Kf5 Rb5+ 60. Kg6 Rg5+ 61. Kh6 Rc5 62. Na3 Ke3 63. Rxa4 f5 64. Nc4+ Ke2 65. Nd6
Rc6 66. Kg5 Rxd6 67. h6 Rd1 68. h7 Rg1+ 69. Kh5 1-0

[Event "Aeroflot Open A"]
[Site "Moscow RUS"]
[Date "2011.02.10"]
[Round "3"]
[White "Riazantsev, Alexander"]
[Black "Khairullin, Ildar"]
[Result "1-0"]
[WhiteTitle "GM"]
[BlackTitle "GM"]
[WhiteElo "2689"]
[BlackElo "2640"]
[WhiteFideId "4125029"]
[BlackFideId "4151348"]
[EventDate "2011.02.08"]

1. d4 Nf6 2. c4 e6 3. Nf3 d5 4. Nc3 Be7 5. Bf4 O-O 6. e3 b6 7. Bd3 dxc4 8. Bxc4
Bb7 9. Qe2 a6 10. O-O b5 11. Bd3 Nbd7 12. Rfd1 c5 13. dxc5 b4 14. Na4 Qa5 15.
Nb6 Nxb6 16. cxb6 Qxb6 17. Ne5 a5 18. Rac1 Rfd8 19. Nc4 Qa7 20. Be5 Bd5 21. e4
Bxc4 22. Rxc4 Ne8 23. Bf4 Bc5 24. e5 Rd5 25. Bxh7+ Kxh7 26. Qc2+ g6 27. Rxd5
Bxf2+ 28. Qxf2 Qxf2+ 29. Kxf2 exd5 30. Rc5 d4 31. Rd5 Ng7 32. Rxd4 Ne6 33. Rd7
Kg7 34. Be3 g5 35. b3 a4 36. Rb7 axb3 37. axb3 Ra5 38. Rxb4 Rxe5 39. Bd4 Nxd4
40. Rxd4 Ra5 41. Rd2 Rb5 42. Rb2 Kf6 43. b4 Ke5 44. Ke3 Kd5 45. g3 f5 46. h4 f4+
47. gxf4 gxh4 48. Kf3 h3 49. Kg4 Ke4 50. Re2+ Kd3 51. Rh2 Ke4 52. Rxh3 Rxb4 53.
Rh8 Kd5 54. Re8 Kd6 55. Kg5 1-0